000 00611nam a2200229Ia 4500
003 OSt
005 20220923230206.0
006 a|||||r|||| 00| 0
007 ta
008 Pun
024 _a278,249
037 _cTextual
040 _aARTS
_cARTS
_bPun
041 _2Pun
_aPun
082 _aQ8441xJ96, 153N6
100 _aਸਿੰਘ, ਸੇਵਾ
245 0 _aਕਥਿੱਤ ਸਵੱਯੇ ਭਾਈ ਗੁਰਦਾਸ ਜੀ ਸਟੀਕ
260 _c1996
650 _aਧਰਮ
942 _hQ8441xJ96, 153N6
_cTEXL
_2CC
999 _c383178
_d383178